| 000 | 00478nam a22001937a 4500 | ||
|---|---|---|---|
| 003 | CEME | ||
| 005 | 20210628203907.0 | ||
| 008 | 210305b xxu||||| |||| 00| 0 eng d | ||
| 020 | _a81-7635-025-7 | ||
| 040 | _c. | ||
| 082 | _a005.4 KAM | ||
| 100 |
_aKamran Husain , Parker, Timothy _967747 |
||
| 245 | _aLinux , unleashed | ||
| 250 | _a2ND | ||
| 260 |
_aNEWDELHI _bTECHMEDIA _c1998 |
||
| 300 | _aXIII,1174P | ||
| 650 |
_aOPERATING SYSTEM-LINUX _967748 |
||
| 942 |
_cBK _2ddc |
||
| 999 |
_c575454 _d575454 |
||